Statistiche per Riconosci la Provincia - Quiz n°79

Clicka qui per fare il quiz!

Statistiche generali

  • Questo quiz è stato fatto 2 volte
  • Il punteggio medio è 3 su 9

Statistiche sulle risposte

IndizioRisposta% Corretto
Prefisso / Prefissi095, 0933, 0942
100%
PresidenteEnrico Trantino (FdI)
100%
Popolazione1 070 247 ab.
50%
Numero province confinanti5
50%
PIL (nominale)19 264 mln di euro
0%
Superficie3 573,689 km²
0%
Coordinate
del capoluogo
37°31′N 15°04′E
0%
Numero comuni58
0%
ProvinciaCatania
0%

Distribuzione punteggi

Percentile per numero di risposta

Percentuale di utenti per punteggio

I tuoi punteggi nel tempo

Non hai fatto questo quiz